书目信息 |
| 题名: |
外国哲学资料
|
|
| 作者: | ;北京大学外国哲学研究所 编译 | |
| 分册: | 第五辑 | |
| 出版信息: | 北京 商务印书馆 1980 |
|
| 页数: | 301页 | |
| 开本: | 19cm | |
| 丛书名: | ||
| 单 册: | ||
| 中图分类: | B15 , B1 | |
| 科图分类: | ||
| 主题词: | 哲学--世界--现代--参考资料 , 哲学--世界 | |
| 电子资源: | ||
| ISBN: | ||
| 000 | 00688nam0 2200241 450 | |
| 001 | 1559614015 | |
| 005 | 20150124163355.67 | |
| 010 | @dCNY0.75 | |
| 091 | @a2017.223 | |
| 100 | @a19971215d1980 em y0chiy0110 ea | |
| 101 | 0 | @achi |
| 102 | @aCN@b110000 | |
| 105 | @ay z 000yy | |
| 200 | 1 | @a外国哲学资料@9wai guo zhe xue shi liao@h第五辑@f北京大学外国哲学研究所编译 |
| 210 | @a北京@c商务印书馆@d1980 | |
| 215 | @a301页@d19cm | |
| 606 | 0 | @a哲学@y世界@z现代@x参考资料 |
| 606 | 0 | @a哲学@x世界 |
| 690 | @aB15@v5 | |
| 690 | @aB1@v4 | |
| 711 | 02 | @a北京大学外国哲学研究所@9bei jing da xue wai guo zhe xue yan jiu suo@4编译 |
| 801 | 0 | @aCN@bTSSF@c20150124 |
| 905 | @aZUCC@dB1@eJY2:5 | |
| 外国哲学资料.第五辑/北京大学外国哲学研究所编译.-北京:商务印书馆,1980 |
| 301页;19cm |
| ISBN :CNY0.75 |
| ● |
| 相关链接 |
|
|
|
|
正题名:外国哲学资料
索取号:B1/JY2:5
 
预约/预借
| 序号 | 登录号 | 条形码 | 馆藏地/架位号 | 状态 | 备注 |
| 1 | 7842339 | 278423396 | 学院路分馆/ [索取号:B1/JY2:5] | 在馆 |